| 000 | 00868nam a2200229 a 4500 | ||
|---|---|---|---|
| 005 | 20240413063650.0 | ||
| 008 | 010918s1982 mx r 000 0 spa d | ||
| 020 | _a9688007625 | ||
| 035 | _aUPN01000111702 | ||
| 049 | _aCG | ||
| 050 | 4 |
_aLC2637 M6 _bC3.4 |
|
| 100 | 1 |
_aCarbó Pérez, Teresa _928655 |
|
| 245 | 1 | 4 |
_aLos indígenas debatidos y legislados / _cTeresa Carbó. |
| 260 |
_aMéxico : _bSEP, Dirección General de Educación Indígena : _bINI : _bCIESAS, _c1982. |
||
| 300 | _a294 P. | ||
| 440 | 0 |
_aCuadernos de información y divulgación para maestros bilingües. _pInformación divulgación |
|
| 500 | _a"Programa de Formación Profesional Etnolingüistas" | ||
| 650 | 4 |
_aIndígenas de México _xEducación _910 |
|
| 650 | 4 |
_aEducación _xLeyes y legislación _zMéxico _99102 |
|
| 651 | 4 |
_aMéxico _xCondiciones sociales _xHistoria _916936 |
|
| 905 | _aLibro | ||
| 999 |
_c85610 _d85610 |
||